Frank senior secondary chemistry practicals : for class XI (Record no. 193162)

MARC details
000 -LEADER
fixed length control field 00460nam a2200157Ia 4500
008 - FIXED-LENGTH DATA ELEMENTS--GENERAL INFORMATION
fixed length control field 231217s9999 xx 000 0 und d
041 ## - LANGUAGE CODE
Language code of text/sound track or separate title English
082 ## - DEWEY DECIMAL CLASSIFICATION NUMBER
Classification number 540 SIN;1
100 ## - MAIN ENTRY--PERSONAL NAME
Personal name Singh, D R. Balasubramanian, G.
245 #0 - TITLE STATEMENT
Title Frank senior secondary chemistry practicals : for class XI
250 ## - EDITION STATEMENT
Edition statement 1st ed.
260 ## - PUBLICATION, DISTRIBUTION, ETC.
Date of publication, distribution, etc. 2002
Name of publisher, distributor, etc. Frank Bros & Co.
Place of publication, distribution, etc. New Delhi
300 ## - PHYSICAL DESCRIPTION
Extent 137
650 ## - SUBJECT ADDED ENTRY--TOPICAL TERM
Topical term or geographic name entry element Frank,senior,secondary,chemistry,practicals,XI
942 ## - ADDED ENTRY ELEMENTS (KOHA)
Koha item type Books
Holdings
Date last seen Total checkouts Full call number Accession number Date last checked out Price effective from Category Lost status Damaged status Department Withdrawn status Home library Current library Shelving location Entry date Grants Billdate Currency symbol Conversion rate Discount Old discount
22/11/2024 6 540 SIN;1 79968 22/11/2024 26/01/2024 Books     Central Library   Central Library RFID Kiosk Central Library 16/11/2011 DONATED 14/02/2017 RS 1    

© For any Suggestions or Query, please contact the library staff @ librarian@pes.edu or Phone: +9180 2672 1983/ 2108.